Países de una palabra con una vocal repetida 3 veces - Estadísticas

Estadísticas generales
  • Esta prueba ha sido intentada 51 veces
    35 desde el último reinicio
  • La puntuación promedio es 18 de 27
Estadísticas de respuestas
Continente Letra Respuesta % Correcto
Oceanía A Australia
94%
América A Canadá
91%
Asia A Afganistán
88%
América A Panamá
85%
Europa A Albania
82%
Europa O Kosovo
82%
Europa A Alemania
79%
América U Uruguay
79%
Asia A Kazajistán
76%
América A Guatemala
73%
América A Paraguay
73%
América E Venezuela
70%
América A Granada
67%
Oceanía I Kiribati
67%
América A Jamaica
64%
Asia A Malasia
64%
América A Nicaragua
64%
Asia A Tailandia
64%
Asia A Azerbaiyán
58%
América A Bahamas
58%
Europa A Dinamarca
58%
Asia I Filipinas
58%
África A Madagascar
55%
África A Tanzania
48%
Europa E Liechtenstein
45%
África A Mauritania
39%
África E Seychelles
36%
No se encontraron pruebas coincidentes
Distribución de puntuación
Porcentaje de gente con cada puntuación
Porcentaje por número respondido
Historial de tus puntuaciones
No has intentado esta prueba desde el último reinicio